| 000 | 00561nam a22002057a 4500 | ||
|---|---|---|---|
| 003 | BD-DhJNU | ||
| 005 | 20250421072448.0 | ||
| 008 | 250421b |||||||| |||| 00| 0 eng d | ||
| 020 | _a9780205149766 | ||
| 040 |
_aBD-DhJNU _bENG _cBD-DhJNU _dBD-DhJNU |
||
| 082 |
_223 _a305.231 |
||
| 100 | _aBerk, Laura E. | ||
| 245 |
_aChild development / _cLaura E. Berk |
||
| 250 | _a9th ed. | ||
| 260 |
_aBoston : _bPearson, _c2012. |
||
| 300 |
_axix, 652 p. [various] : _bill. ; _c21 cm. |
||
| 504 | _aincludes index | ||
| 650 | _aChild development | ||
| 942 |
_2ddc _cBK _n0 |
||
| 999 |
_c1595 _d1595 |
||